| 000 | 00708nam a2200181 a 4500 | ||
|---|---|---|---|
| 005 | 20140412111323.0 | ||
| 008 | 001220s19uu xx 00 eng d | ||
| 020 | _a4-915249-63-8 | ||
| 050 |
_aER _bHa11fo 1989 |
||
| 100 | _aHirata, Shogo | ||
| 245 |
_aThe hare and the tortoise : _baesop's fables / _cShogo Hirata. |
||
| 260 |
_aTokyo : _bJoie, Inc, _c1989. |
||
| 300 | _a1 v. (unp.) ; ill. | ||
| 440 | _aIllustrated Fantasy Book for Children | ||
| 520 | _aOne day a tortoise was walking along the road, when a hare came hopping toward him. "Hi, Mr. Tortoise! You're walking slowly as usual, I see. Why do your walk slowly?" The hare teased. | ||
| 650 | _aTortoise stories - Fiction | ||
| 999 |
_c104444 _d104444 |
||